000 00606nam a2200217Ia 4500
005 20250326144549.0
008 250326s9999 xx 000 0 und d
020 _a978-81-7188-665-4
037 _aTextbook
040 _aFMSL
_beng
_cFMSL
041 _aeng
_2eng
084 _aX:8D P9
_qFMSL
100 _aDorn J A
_9749897
245 0 _aPeter Baurer and the economics of prosperity
_cDorn J A; Mitra B S
260 _aNew Delhi
_bNew Delhi, Academic Foundation
_c2009
300 _a190p
365 _b595
650 _aManagement
942 _cTB
_hX:8D P9
999 _c1304177
_d1304177